000 00554nam a2200205Ia 4500
005 20250425160916.0
008 250425s9999 xx 000 0 und d
041 _aeng
082 _a001.6425
110 _aIEEE COMPUTER SOCIETY
245 0 _aCOMPSAC 78: COMPUTER SOFTWARE AND APPLICATIONS CONFERENCE
250 _aS.E.
260 _aEstados Unidos
_bIEEE COMPUTER SOCIETY
_c1978
260 _aLONG BEACH
300 _a832
650 _aAPLICACIONES DE COMPUTADORES
650 _aPROGRAMACION DE COMPUTADORES
942 _c01
010 _a8126
999 _c198654
_d198654